000 00597nam a2200229Ia 4500
003 OSt
005 20230408131716.0
008 210423s2016 xx 000 0 und d
020 _a978-93-272-3093-2
040 _cAL
041 _aeng
082 _a657
_223
_bGUPC
100 _aGUPTA (Shashi K);MEHRA (Arun)
_985087
245 _aContemporary issues in accounting Ed 8
250 _a8
260 _aLudhiana
_bKalyani Publishers
_c2016
300 _axi,599
_bPB
365 _b450
_cINR
650 _aAccounting
_985088
906 _aaccounting ; Contemporary ; issues
942 _2ddc
_cBK
999 _c169472
_d169472